Antología universal de cuentos y narraciones. (Registro nro. 8928)
[ vista simple ]
| 000 -LIDER | |
|---|---|
| fixed length control field | 00697nam a22002417a 4500 |
| 001 - NÚMERO DE CONTROL | |
| Identificador de número de control | 00260 |
| 003 - IDENTIFICACDOR DE NÚMERO DE CONTROL | |
| control field | DO-SdBNP |
| 005 - DATE AND TIME OF LATEST TRANSACTION | |
| control field | 20240411104353.0 |
| 008 - ELEMENTOS DE LONGITUD FIJA | |
| fixed length control field | 151126b 19uu sp | |||| 00| 0 spa d |
| 020 ## - ISBN | |
| International Standard Book Number | 8475051820(v.1) |
| 020 ## - ISBN | |
| International Standard Book Number | 8475051839(v.2) |
| 040 ## - FUENTE DE CATALOGACIÓN | |
| Agencia que crea de manera original el registro | BPMSU |
| Idioma de catalogación | spa |
| Agencia que realiza la transcripción | BPMSU |
| 082 #4 - NÚMERO DE CLASIFICACIÓN DECIMAL DE DEWEY | |
| Classification number | 808.83 |
| Item number | A634u |
| Edition number | 22 |
| 245 00 - MENCIÓN DE TITULO | |
| Título | Antología universal de cuentos y narraciones. |
| 260 ## - PUBLICACIÓN, DISTRIBUCIÓN, ETC. (PIE DE IMPRENTA) | |
| Lugar de publicación, distribución, etc | Barcelona : |
| Nombre del editor, distribuidor, etc. | Océano, |
| Fecha de publicación, distribución, etc | [198-?] |
| 300 ## - DESCRIPCIÓN FÍSICA | |
| Extensión | 2v. |
| Dimensiones | 21 cm. |
| 500 ## - NOTA GENERAL | |
| Nota general | Incluye referencias bibliográficas y notas al pie de las páginas |
| 590 ## - NOTA LOCAL | |
| Enlace | Inventariado, 2022/VM |
| 650 #4 - ENCABEZAMIENTO DE MATERIA--TEMÁTICO | |
| Término temático o nombre geográfico como elemento de entrada | Cuentos |
| Subdivisión de forma | Colecciones |
| 650 #4 - ENCABEZAMIENTO DE MATERIA--TEMÁTICO | |
| Término temático o nombre geográfico como elemento de entrada | |
| 910 ## - VALIDACIÓN | |
| Validación | VMateo V. Control de calidad. BPMSU |
| 942 ## - ADDED ENTRY ELEMENTS (KOHA) | |
| Source of classification or shelving scheme | Dewey Decimal Classification |
| Koha item type | Libros |
| Withdrawn status | Lost status | Source of classification or shelving scheme | Damaged status | Not for loan | Collection code | Home library | Current library | Date acquired | Source of acquisition | Full call number | Barcode | Date last seen | Copy number | Price effective from | Koha item type |
|---|---|---|---|---|---|---|---|---|---|---|---|---|---|---|---|
| Dewey Decimal Classification | Colección General | Biblioteca Pública Metropolitana Salomé Ureña | Biblioteca Pública Metropolitana Salomé Ureña | 11/26/2015 | FUNDI | BPMSU CG 808.83 A634u | BPMSU15110503 | 11/26/2015 | v.1 | 11/26/2015 | Libros | ||||
| Dewey Decimal Classification | Colección General | Biblioteca Pública Metropolitana Salomé Ureña | Biblioteca Pública Metropolitana Salomé Ureña | 11/26/2015 | Donación | BPMSU CG 808.83 A634u | BPMSU15110504 | 11/26/2015 | v. 2 | 11/26/2015 | Libros |